Feynman lectures on physics (Record no. 7414)

MARC details
000 -LEADER
fixed length control field 00603nam a2200205Ia 4500
003 - CONTROL NUMBER IDENTIFIER
control field IN-BaIIA
008 - FIXED-LENGTH DATA ELEMENTS--GENERAL INFORMATION
fixed length control field 211028s9999 xx 000 0 eng d
040 ## - CATALOGING SOURCE
Transcribing agency IIA Library
080 ## - UNIVERSAL DECIMAL CLASSIFICATION NUMBER
Universal Decimal Classification number 530.1(042)
Item number FEY-2
100 ## - MAIN ENTRY--PERSONAL NAME
Personal name Feynman, Richard P.
245 #0 - TITLE STATEMENT
Title Feynman lectures on physics
Remainder of title vol. 2
Statement of responsibility, etc. Richard P. Feynman
250 ## - EDITION STATEMENT
Edition statement 2nd ed.
260 ## - PUBLICATION, DISTRIBUTION, ETC.
Place of publication, distribution, etc. Reading
Name of publisher, distributor, etc. Addison-Wesley
Date of publication, distribution, etc. 1964
300 ## - PHYSICAL DESCRIPTION
Extent [various pagings.]
500 ## - GENERAL NOTE
General note Donated by Mrs. Bappu
650 ## - SUBJECT ADDED ENTRY--TOPICAL TERM
Topical term or geographic name entry element Electromagnetic fields
9 (RLIN) 2908
650 ## - SUBJECT ADDED ENTRY--TOPICAL TERM
Topical term or geographic name entry element NASA Thesaurus
650 ## - SUBJECT ADDED ENTRY--TOPICAL TERM
Topical term or geographic name entry element Physics
9 (RLIN) 73
942 ## - ADDED ENTRY ELEMENTS (KOHA)
Koha item type Books
Holdings
Withdrawn status Lost status Damaged status Not for loan Home library Current library Shelving location Date acquired Cost, normal purchase price Total Checkouts Full call number Barcode Date last seen Cost, replacement price Price effective from Koha item type Purchase Price
        IIA Library-Bangalore IIA Library-Kodaikanal General Stacks 05/07/1983 16.00   530.1(042)/ FEY-2 8223 05/11/2021 16.00 05/07/1983 Books Rs. 16.00

Powered by Koha